[Event "36th Balaton IM 2018"]
[Site "Balatonlelle"]
[Date "2018.06.13"]
[Round "2.4"]
[White "Gorti, Akshita"]
[Black "McPhillips, Joseph"]
[Result "1/2-1/2"]
[WhiteElo "2258"]
[BlackElo "2399"]
[Annotator "ChessBase"]
[PlyCount "90"]
[EventDate "2018.06.12"]
[EventType "swiss"]
[EventCountry "HUN"]
[SourceTitle "playchess.com"]
[Source "ChessBase"]
[SourceQuality "1"]
[TimeControl "40/5400+30:1800+30"]

1. Nf3 {[%emt 0:00:05]} d6 {[%emt 0:01:13]} 2. d4 {[%emt 0:00:54]} Bg4 {[%emt 0:01:11]} 3. c4 {[%emt 0:00:43]} Nd7 {[%emt 0:01:17]} 4. e4 {[%emt 0:04:37]} e5 {[%emt 0:09:47]} 5. Be2 {[%emt 0:01:02]} g6 {[%emt 0:08:57]} 6. Nc3 {[%emt 0:02:56]} f6 {[%emt 0:15:54]} 7. O-O {[%emt 0:07:21]} c6 {[%emt 0:09:43]} 8. h3 {[%emt 0:06:16]} Bxf3 {[%emt 0:03:38]} 9. Bxf3 {[%emt 0:00:08]} Bh6 {[%emt 0:00:06]} 10. Bxh6 {[%emt 0:04:20]} Nxh6 {[%emt 0:00:02]} 11. Qd2 {[%emt 0:00:37]} Nf7 {[%emt 0:00:27]} 12. Be2 {[%emt 0:01:06]} a5 {[%emt 0:13:11]} 13. Rad1 {[%emt 0:01:55]} Qc7 {[%emt 0:01:33]} 14. Kh1 {[%emt 0:03:38]} Rd8 {[%emt 0:01:06]} 15. f4 {[%emt 0:07:46]} exd4 {[%emt 0:00:05]} 16. Qxd4 {[%emt 0:00:09]} Qb6 {[%emt 0:00:13]} 17. Qd2 {[%emt 0:02:31]} Nc5 {[%emt 0:00:10]} 18. Qd4 {[%emt 0:13:46]} Nd7 {[%emt 0:00:03]} 19. Qd2 {[%emt 0:02:09]} O-O {[%emt 0:00:55]} 20. Na4 {[%emt 0:04:48]} Qb4 {[%emt 0:10:06]} 21. Qc2 {[%emt 0:01:15]} Nc5 {[%emt 0:00:26]} 22. Nxc5 {[%emt 0:00:53]} dxc5 {[%emt 0:00:35]} 23. Bg4 {[%emt 0:11:08]} Rfe8 {[%emt 0:04:22]} 24. a3 {[%emt 0:06:02]} Qb6 {[%emt 0:00:05]} 25. Rxd8 {[%emt 0:01:11]} Qxd8 {[%emt 0:03:07]} 26. Rd1 {[%emt 0:04:35]} Qe7 {[%emt 0:02:05]} 27. Qc3 {[%emt 0:03:28]} Rd8 {[%emt 0:01:55]} 28. Rxd8+ {[%emt 0:01:11]} Qxd8 {[%emt 0:00:05]} 29. Be6 {[%emt 0:00:58]} Kg7 {[%emt 0:01:17]} 30. e5 {[%emt 0:03:32]} Qd1+ {[%emt 0:03:06]} 31. Kh2 {[%emt 0:00:05]} Qd4 {[%emt 0:00:02]} 32. exf6+ {[%emt 0:02:44]} Kxf6 {[%emt 0:00:02]} 33. Bxf7 {[%emt 0:01:53]} Kxf7 {[%emt 0:03:19]} 34. Qxd4 {[%emt 0:00:14]} cxd4 {[%emt 0:00:03]} 35. Kg3 {[%emt 0:00:15]} c5 {[%emt 0:04:05]} 36. Kf3 {[%emt 0:00:32]} a4 {[%emt 0:00:38]} 37. g4 {[%emt 0:00:17]} Kf6 {[%emt 0:01:42]} 38. Ke4 {[%emt 0:00:12]} Ke6 {[%emt 0:00:05]} 39. Kd3 {[%emt 0:00:24]} Ke7 {[%emt 0:01:07]} 40. Ke2 {[%emt 0:00:00]} Kd7 {[%emt 0:01:23]} 41. Kd3 {[%emt 0:06:18]} Kc7 {[%emt 0:10:34]} 42. Kd2 {[%emt 0:00:44]} Kc6 {[%emt 0:01:20]} 43. Kc2 {[%emt 0:02:11]} Kc7 {[%emt 0:01:08]} 44. Kd2 {[%emt 0:00:51]} Kc6 {[%emt 0:00:04]} 45. Kc2 {[%emt 0:00:05]} Kc7 {[%emt 0:00:30]} 1/2-1/2

[Event "36th Balaton IM 2018"]
[Site "Balatonlelle"]
[Date "2018.06.13"]
[Round "2.5"]
[White "Naumkin, Igor"]
[Black "Moksh Amit Doshi"]
[Result "1/2-1/2"]
[WhiteElo "2383"]
[BlackElo "2203"]
[Annotator "ChessBase"]
[PlyCount "63"]
[EventDate "2018.06.12"]
[EventType "swiss"]
[EventCountry "HUN"]
[SourceTitle "playchess.com"]
[Source "ChessBase"]
[SourceQuality "1"]
[TimeControl "40/5400+30:1800+30"]

1. d4 {[%emt 0:03:47]} Nf6 {[%emt 0:00:44]} 2. c4 {[%emt 0:00:11]} g6 {[%emt 0:00:07]} 3. Nc3 {[%emt 0:00:13]} d5 {[%emt 0:00:16]} 4. cxd5 {[%emt 0:00:06]} Nxd5 {[%emt 0:00:09]} 5. e4 {[%emt 0:00:07]} Nxc3 {[%emt 0:00:11]} 6. bxc3 {[%emt 0:00:19]} Bg7 {[%emt 0:00:07]} 7. Bc4 {[%emt 0:00:06]} c5 {[%emt 0:00:18]} 8. Ne2 {[%emt 0:00:14]} Nc6 {[%emt 0:00:08]} 9. Be3 {[%emt 0:00:08]} O-O {[%emt 0:00:08]} 10. O-O {[%emt 0:00:04]} Bg4 {[%emt 0:00:26]} 11. f3 {[%emt 0:00:27]} Bd7 {[%emt 0:00:06]} 12. Rb1 {[%emt 0:01:54]} Qc7 {[%emt 0:00:35]} 13. Qd2 {[%emt 0:00:52]} Rad8 {[%emt 0:00:29]} 14. Rfc1 {[%emt 0:01:51]} Bc8 {[%emt 0:01:06]} 15. Bh6 {[%emt 0:02:00]} Na5 {[%emt 0:08:51]} 16. Bb3 {[%emt 0:03:40]} e5 {[%emt 0:03:14]} 17. Bxg7 {[%emt 0:03:33]} Kxg7 {[%emt 0:00:10]} 18. f4 {[%emt 0:04:26]} Bg4 {[%emt 0:07:03]} 19. fxe5 {[%emt 0:08:28]} Bxe2 {[%emt 0:07:30]} 20. Qxe2 {[%emt 0:00:15]} cxd4 {[%emt 0:00:08]} 21. cxd4 {[%emt 0:00:53]} Qb6 {[%emt 0:00:10]} 22. Qf2 {[%emt 0:11:50]} Nxb3 {[%emt 0:05:42]} 23. Rxb3 {[%emt 0:00:20]} Qxd4 {[%emt 0:00:08]} 24. Qxd4 {[%emt 0:00:16]} Rxd4 {[%emt 0:00:08]} 25. Rxb7 {[%emt 0:00:07]} Rxe4 {[%emt 0:00:16]} 26. Rxa7 {[%emt 0:00:54]} Rxe5 {[%emt 0:00:07]} 27. a4 {[%emt 0:01:30]} Re2 {[%emt 0:03:00]} 28. Rf1 {[%emt 0:01:16]} Ra2 {[%emt 0:00:52]} 29. Rf2 {[%emt 0:01:28]} Ra1+ {[%emt 0:00:06]} 30. Rf1 {[%emt 0:00:05]} Ra2 {[%emt 0:00:04]} 31. Rf2 {[%emt 0:01:05]} Ra1+ {[%emt 0:00:06]} 32. Rf1 {[%emt 0:00:30]} 1/2-1/2

[Event "36th Balaton IM 2018"]
[Site "Balatonlelle"]
[Date "2018.06.14"]
[Round "3"]
[White "Nagy, Bence"]
[Black "Gorti, Akshita"]
[Result "1-0"]
[WhiteElo "2354"]
[BlackElo "2258"]
[Annotator "NA"]
[PlyCount "77"]
[EventDate "2018.06.12"]
[EventType "swiss"]
[EventCountry "HUN"]
[SourceTitle "playchess.com"]
[Source "ChessBase"]
[SourceQuality "1"]
[TimeControl "40/5400+30:1800+30"]

1. e4 {[%emt 0:00:03]} e6 {[%emt 0:00:40]} 2. d4 {[%emt 0:00:07]} d5 {[%emt 0:00:08]} 3. Nc3 {[%emt 0:00:18]} Bb4 {[%emt 0:00:09]} 4. e5 {[%emt 0:00:17]} c5 {[%emt 0:00:05]} 5. a3 {[%emt 0:00:22]} Ba5 {[%emt 0:00:20]} 6. b4 {[%emt 0:03:24]} cxd4 {[%emt 0:00:10]} 7. Nb5 {[%emt 0:01:17]} Bc7 {[%emt 0:00:38]} 8. f4 {[%emt 0:04:41]} Ne7 {[%emt 0:01:19]} 9. Bd3 {[%emt 0:00:56]} Bd7 {[%emt 0:02:08]} 10. Nxc7+ {[%emt 0:02:02]} Qxc7 {[%emt 0:00:09]} 11. a4 {[%emt 0:06:07]} Nbc6 {[%emt 0:08:21]} 12. Bd2 {[%emt 0:05:24]} a5 {[%emt 0:09:41]} 13. b5 {[%emt 0:01:03]} Nb4 {[%emt 0:00:12]} 14. Nf3 $14 {[%emt 0:05:22]} Qc5 {[%emt 0:02:49]} 15. O-O {[%emt 0:06:30]} h6 {[%emt 0:04:23]} 16. Kh1 {[%emt 0:04:47]} Rc8 {[%emt 0:02:48]} 17. Qe2 {[%emt 0:07:09]} O-O {[%emt 0:04:01]} 18. g4 {[%emt 0:11:16]} Rc7 {[%emt 0:12:20]} 19. Rg1 {[%emt 0:02:21]} Rfc8 {[%emt 0:05:25]} 20. g5 {[%emt 0:15:47]} h5 {[%emt 0:05:08]} 21. g6 {[%emt 0:01:23]} fxg6 {[%emt 0:07:31]} 22. Bxb4 {[%emt 0:01:32]} Qxb4 {[%emt 0:02:42]} 23. b6 {[%emt 0:05:49]} Rc3 {[%emt 0:08:33]} 24. Qg2 {[%emt 0:03:16]} Be8 {[%emt 0:02:23]} 25. Nh4 {[%emt 0:00:23]} Qxb6 {[%emt 0:06:25]} 26. Nxg6 {[%emt 0:02:01]} Nxg6 {[%emt 0:01:02]} 27. Bxg6 {[%emt 0:00:03]} Qc7 {[%emt 0:01:15]} 28. Bd3 {[%emt 0:00:46]} Qe7 {[%emt 0:04:34]} 29. Qf2 {[%emt 0:02:58]} R8c7 {[%emt 0:02:46]} 30. Rg5 {[%emt 0:00:40]} Ra3 {[%emt 0:02:45]} 31. Rag1 {[%emt 0:00:34]} Qf8 {[%emt 0:01:46]} 32. Qh4 {[%emt 0:02:46]} Rac3 {[%emt 0:02:37]} 33. f5 {[%emt 0:01:23]} exf5 {[%emt 0:01:05]} 34. Rxf5 {[%emt 0:01:00]} Qe7 {[%emt 0:00:15]} 35. Rfg5 {[%emt 0:00:46]} Qf8 {[%emt 0:00:45]} 36. Qh3 {[%emt 0:01:51]} R3c6 {[%emt 0:00:30]} 37. Rf1 {[%emt 0:00:31]} Rf7 {[%emt 0:00:36]} 38. Bf5 {[%emt 0:00:27]} Bd7 {[%emt 0:00:33]} 39. e6 {[%emt 0:00:18]} 1-0

[Event "36th Balaton IM 2018"]
[Site "Balatonlelle"]
[Date "2018.06.14"]
[Round "3"]
[White "Saber, Yasser"]
[Black "Gungl, Theo"]
[Result "1-0"]
[WhiteElo "2266"]
[BlackElo "2237"]
[Annotator "NA"]
[PlyCount "75"]
[EventDate "2018.06.12"]
[EventType "swiss"]
[EventCountry "HUN"]
[SourceTitle "playchess.com"]
[Source "ChessBase"]
[SourceQuality "1"]
[TimeControl "40/5400+30:1800+30"]

1. d3 {[%emt 0:00:14]} g6 {[%emt 0:00:44]} 2. g3 {[%emt 0:00:03]} Bg7 {[%emt 0:00:07]} 3. Bg2 {[%emt 0:00:06]} e5 {[%emt 0:00:12]} 4. Nf3 {[%emt 0:00:03]} Nc6 {[%emt 0:00:18]} 5. O-O {[%emt 0:00:05]} Nge7 {[%emt 0:00:09]} 6. e4 {[%emt 0:00:17]} O-O {[%emt 0:00:12]} 7. Nc3 {[%emt 0:00:17] LiveBook: 5 Games} d6 {[%emt 0:02:19]} 8. Be3 {[%emt 0:07:09]} Nd4 {[%emt 0:20:15]} 9. Ne2 {[%emt 0:01:27]} Nxf3+ {[%emt 0:25:47]} 10. Bxf3 {[%emt 0:00:04]} h6 {[%emt 0:00:36]} 11. Bg2 {[%emt 0:00:56]} Kh7 {[%emt 0:15:49]} 12. d4 $11 {[%emt 0:02:31]} b6 {[%emt 0:06:10]} 13. f4 {[%emt 0:07:00]} Ba6 {[%emt 0:03:54]} 14. Rf2 {[%emt 0:01:29]} c5 {[%emt 0:02:44]} 15. c3 {[%emt 0:09:50]} exd4 {[%emt 0:01:29]} 16. cxd4 {[%emt 0:00:16]} Bb7 {[%emt 0:00:44]} 17. Nc3 {[%emt 0:04:15]} f5 {[%emt 0:04:52]} 18. dxc5 {[%emt 0:00:26]} dxc5 {[%emt 0:05:12]} 19. Rd2 {[%emt 0:01:20]} Qe8 {[%emt 0:01:05]} 20. e5 {[%emt 0:05:30]} Bxg2 {[%emt 0:00:07]} 21. Kxg2 {[%emt 0:00:25]} Rd8 {[%emt 0:00:10]} 22. Rxd8 {[%emt 0:03:49]} Qxd8 {[%emt 0:00:00]} 23. Qf3 {[%emt 0:00:09]} Qb8 {[%emt 0:02:57]} 24. Rd1 {[%emt 0:03:27]} Rd8 {[%emt 0:00:47]} 25. Rxd8 {[%emt 0:00:02]} Qxd8 {[%emt 0:00:00]} 26. Qb7 {[%emt 0:00:10]} Kg8 {[%emt 0:02:55]} 27. Kf2 {[%emt 0:02:04]} Bf8 {[%emt 0:02:05]} 28. Qxa7 {[%emt 0:02:45]} Nc6 {[%emt 0:00:58]} 29. Qb7 {[%emt 0:01:15]} Nb4 {[%emt 0:00:15]} 30. a3 {[%emt 0:11:39]} Nd3+ {[%emt 0:00:43]} 31. Ke2 {[%emt 0:00:02]} Nxb2 {[%emt 0:00:41]} 32. Nd5 {[%emt 0:00:02]} Bg7 {[%emt 0:01:37]} 33. e6 {[%emt 0:00:01]} Qe8 {[%emt 0:00:20]} 34. Qd7 {[%emt 0:04:35]} Kf8 {[%emt 0:00:32]} 35. Nxb6 {[%emt 0:02:36]} Bd4 {[%emt 0:00:34]} 36. Nc8 {[%emt 0:06:44]} Nc4 {[%emt 0:00:34]} 37. e7+ {[%emt 0:00:07]} Kf7 {[%emt 0:00:03]} 38. Qd5+ {[%emt 0:00:10]} 1-0

[Event "36th Balaton IM 2018"]
[Site "Balatonlelle"]
[Date "2018.06.14"]
[Round "3"]
[White "Urh, Zala"]
[Black "Vegh, Endre"]
[Result "0-1"]
[WhiteElo "2248"]
[BlackElo "2260"]
[Annotator "NA"]
[PlyCount "58"]
[EventDate "2018.06.12"]
[EventType "swiss"]
[EventCountry "HUN"]
[SourceTitle "playchess.com"]
[Source "ChessBase"]
[SourceQuality "1"]
[TimeControl "40/5400+30:1800+30"]

1. e4 {[%emt 0:00:05]} d6 {[%emt 0:07:06]} 2. d4 {[%emt 0:01:45]} Nf6 {[%emt 0:00:33]} 3. Nc3 {[%emt 0:00:36]} g6 {[%emt 0:03:28]} 4. f4 {[%emt 0:02:43]} Bg7 {[%emt 0:00:29]} 5. Bd3 {[%emt 0:01:46]} O-O {[%emt 0:02:03]} 6. Nf3 {[%emt 0:03:29]} Na6 {[%emt 0:00:38]} 7. e5 {[%emt 0:09:37]} Nd7 {[%emt 0:01:52]} 8. Qe2 {[%emt 0:06:35]} c5 {[%emt 0:04:13]} 9. dxc5 {[%emt 0:21:14]} Naxc5 {[%emt 0:01:04]} 10. O-O {[%emt 0:01:02]} dxe5 {[%emt 0:01:06]} 11. fxe5 {[%emt 0:00:30]} Nxe5 {[%emt 0:01:40]} 12. Nxe5 {[%emt 0:07:22]} Qd4+ {[%emt 0:00:14]} 13. Be3 {[%emt 0:00:20]} Qxe5 {[%emt 0:00:14]} 14. Bc4 {[%emt 0:01:01]} Be6 {[%emt 0:08:14]} 15. Rae1 {[%emt 0:03:01]} b6 {[%emt 0:07:11]} 16. Bxe6 {[%emt 0:08:44]} Nxe6 {[%emt 0:00:25]} 17. Qg4 {[%emt 0:01:32]} Qa5 {[%emt 0:10:22]} 18. Bd2 {[%emt 0:06:44]} Rad8 {[%emt 0:04:15]} 19. Rd1 {[%emt 0:09:22]} Qc5+ {[%emt 0:08:59]} 20. Kh1 {[%emt 0:00:13]} Qc6 {[%emt 0:01:00]} 21. Rf2 {[%emt 0:04:16]} Rd4 {[%emt 0:01:53]} 22. Qe2 {[%emt 0:02:21]} Rfd8 {[%emt 0:02:33]} 23. Qe3 {[%emt 0:02:52]} Bf6 {[%emt 0:02:02]} 24. Qf3 {[%emt 0:02:35]} Qxf3 {[%emt 0:03:41]} 25. gxf3 {[%emt 0:00:01]} Bh4 {[%emt 0:04:16]} 26. Re2 {[%emt 0:00:12]} R4d7 {[%emt 0:01:52]} 27. Nb1 {[%emt 0:01:03]} Nd4 {[%emt 0:01:07]} 28. Re3 {[%emt 0:01:53]} Bg5 {[%emt 0:03:24]} 29. Rd3 {[%emt 0:00:41]} Nxc2 {[%emt 0:00:57]} 0-1

[Event "36th Balaton IM 2018"]
[Site "Balatonlelle"]
[Date "2018.06.14"]
[Round "3"]
[White "Moksh Amit Doshi"]
[Black "Klaric, Zlatko"]
[Result "1-0"]
[WhiteElo "2203"]
[BlackElo "2397"]
[Annotator "ChessBase"]
[PlyCount "97"]
[EventDate "2018.06.12"]
[EventType "swiss"]
[EventCountry "HUN"]
[SourceTitle "playchess.com"]
[Source "ChessBase"]
[SourceQuality "1"]
[TimeControl "40/5400+30:1800+30"]

1. e4 {[%emt 0:00:06]} e5 {[%emt 0:00:36]} 2. Nf3 {[%emt 0:00:08]} Nc6 {[%emt 0:00:05]} 3. Bb5 {[%emt 0:00:35]} Nd4 {[%emt 0:00:19]} 4. Nxd4 {[%emt 0:00:31]} exd4 {[%emt 0:00:08]} 5. O-O {[%emt 0:02:43]} c6 {[%emt 0:00:05]} 6. Bc4 {[%emt 0:01:12]} Nf6 {[%emt 0:00:19]} 7. d3 {[%emt 0:08:45]} d6 {[%emt 0:00:23]} 8. Nd2 {[%emt 0:03:03]} Be7 {[%emt 0:01:54]} 9. Nf3 {[%emt 0:04:40]} Bg4 {[%emt 0:00:58]} 10. h3 {[%emt 0:02:00]} Bxf3 {[%emt 0:00:12]} 11. Qxf3 {[%emt 0:00:07]} O-O {[%emt 0:00:07]} 12. Bb3 {[%emt 0:12:13]} a5 {[%emt 0:04:09]} 13. a4 {[%emt 0:07:34]} Nd7 {[%emt 0:02:34]} 14. c3 {[%emt 0:00:54]} Nc5 {[%emt 0:02:12]} 15. Bc2 {[%emt 0:01:49]} Bf6 {[%emt 0:00:56]} 16. Bd2 {[%emt 0:04:33]} b5 {[%emt 0:03:11]} 17. e5 {[%emt 0:09:13]} Bxe5 {[%emt 0:08:44]} 18. Qxc6 {[%emt 0:00:15]} bxa4 {[%emt 0:00:25]} 19. Qd5 {[%emt 0:02:26]} Qb6 {[%emt 0:07:36]} 20. Rfb1 {[%emt 0:18:09]} Nb3 {[%emt 0:04:41]} 21. Bxb3 {[%emt 0:00:07]} axb3 {[%emt 0:03:25]} 22. c4 {[%emt 0:00:12]} a4 {[%emt 0:02:18]} 23. Ra3 {[%emt 0:00:07]} Ra7 {[%emt 0:00:40]} 24. Rba1 {[%emt 0:00:10]} Rfa8 {[%emt 0:22:10]} 25. Rxa4 {[%emt 0:00:26]} h6 {[%emt 0:00:08]} 26. Qxa8+ {[%emt 0:00:55]} Rxa8 {[%emt 0:00:07]} 27. Rxa8+ {[%emt 0:00:05]} Kh7 {[%emt 0:00:03]} 28. R8a5 {[%emt 0:02:46]} g5 {[%emt 0:06:02]} 29. Rb5 {[%emt 0:02:11]} Qc6 {[%emt 0:01:27]} 30. Ra7 {[%emt 0:03:07]} Qe8 {[%emt 0:02:26]} 31. Rxb3 {[%emt 0:01:54]} Qe6 {[%emt 0:05:44]} 32. Rbb7 {[%emt 0:00:54]} Kg6 {[%emt 0:03:45]} 33. Rxf7 {[%emt 0:01:28]} Bf6 {[%emt 0:00:11]} 34. Kf1 {[%emt 0:04:55]} Qf5 {[%emt 0:13:14]} 35. Ke2 {[%emt 0:00:10]} Qe5+ {[%emt 0:00:05]} 36. Kd1 {[%emt 0:00:31]} Qf5 {[%emt 0:01:02]} 37. Kc2 {[%emt 0:00:44]} Qxf2 {[%emt 0:00:22]} 38. b4 {[%emt 0:03:04]} Qxg2 {[%emt 0:02:26]} 39. b5 {[%emt 0:00:14]} d5 {[%emt 0:02:46]} 40. c5 {[%emt 0:00:00]} Be5 {[%emt 0:01:32]} 41. c6 {[%emt 0:02:29]} Bg3 {[%emt 0:12:32]} 42. Rae7 {[%emt 0:08:39]} Qxh3 {[%emt 0:03:29]} 43. Rf3 {[%emt 0:03:59]} Qh1 {[%emt 0:04:13]} 44. Rxg3 {[%emt 0:00:06]} Qa1 {[%emt 0:00:08]} 45. Rb7 {[%emt 0:00:40]} Qa4+ {[%emt 0:01:44]} 46. Kb2 {[%emt 0:00:07]} Qd1 {[%emt 0:00:39]} 47. Rg2 {[%emt 0:00:17]} Qf3 {[%emt 0:00:53]} 48. c7 {[%emt 0:00:25]} Qxg2 {[%emt 0:00:29]} 49. Kc2 {[%emt 0:00:10]} 1-0

[Event "36th Balaton IM 2018"]
[Site "Balatonlelle"]
[Date "2018.06.15"]
[Round "4"]
[White "Klaric, Zlatko"]
[Black "Vegh, Endre"]
[Result "1-0"]
[WhiteElo "2397"]
[BlackElo "2260"]
[Annotator "TA"]
[PlyCount "125"]
[EventDate "2018.06.12"]
[EventType "swiss"]
[EventCountry "HUN"]
[SourceTitle "playchess.com"]
[Source "ChessBase"]
[SourceQuality "1"]

{[%evp 10,125,62,36,54,50,66,63,52,45,52,52,50,49,58,45,64,37,29,5,13,0,19,36,42,10,27,18,26,-36,-65,-54,-83,-97,-72,-129,-126,-196,-140,-162,-152,-146,-122,-105,-35,-132,-121,-125,-139,-108,-91,-305,-316,-320,-312,-325,-325,-317,-325,-264,0,0,0,0,0,0,160,120,129,132,470,470,464,446,437,395,468,457,483,475,444,429,421,362,397,470,468,434,450,378,350,0,443,446,429,428,393,309,508,331,327,322,314,301,312,302,284,247,422,471,606,588,926,956,946,902,851,805]} 1. d4 c5 2. d5 e6 3. e4 exd5 4. exd5 d6 5. Nf3 Nf6 6. Bb5+ (6. Bd3 {is more complex.} Nbd7 7. Nc3 Be7 8. O-O O-O 9. Re1) 6... Bd7 {A43: Schmid Benoni} (6... Nbd7 7. O-O Be7 8. Re1 O-O 9. Bf1 Nb6 10. Nc3 Bg4 11. h3 Bh5 12. Bf4 a6 13. a4 Re8 14. a5 {0-1 (52) Van Riemsdijk,H (2318)-Rodriguez Vila,A (2478) Mar del Plata 2017}) 7. Bxd7+ Qxd7 8. O-O Be7 {White is slightly better.} 9. c4 O-O 10. Re1 Na6 11. Nc3 Nc7 $146 ({Predecessor:} 11... h6 12. h3 Nc7 13. a4 b6 14. Ra3 {0-1 (48) Valent,J-Zambor,N (2175) Martin 1996}) 12. b3 Rfe8 13. Bg5 h6 14. Bh4 b5 15. Qd3 bxc4 (15... b4 $5 {[%cal Rb4c3]} 16. Ne2 g5 $11) 16. bxc4 Rab8 17. Rab1 g5 18. Rxb8 Rxb8 19. Nxg5 (19. Bg3 $11) 19... hxg5 $15 20. Bxg5 Nce8 21. Re3 Bf8 22. Rg3 (22. h3 $142) 22... Bg7 23. Bh6 (23. h3 $17 {was worth a try.}) 23... Kf8 (23... Nh5 $19 24. Rg5 Qe7) 24. Qe3 {aiming for Bxg7+.} Qf5 25. h3 {White wants to play Bxg7+.} Nh5 26. Bxg7+ Nexg7 (26... Nhxg7 $17 27. Qh6 Qh5) 27. Rf3 ({White must play} 27. Qh6 $1 $15 Qf4 28. Qh8+ Ke7 29. Qxb8 Nxg3 30. fxg3 Qxg3 31. Qxa7+ Kf8 32. Qb8+ Ke7 33. Qb2) 27... Qg6 $1 $17 28. Qe4 {Threatens to win with Qxg6.} Qh6 29. Qh4 {And now g4 would win.} Re8 30. g4 $2 (30. Kh2 $17 {is a better defense.} Re1 31. Ne4 (31. Qd8+ $2 Ne8 $19)) 30... Re1+ $19 31. Kh2 Qc1 (31... Qg6 $2 32. Qd8+ Ne8 33. Qh4 $17) 32. Qd8+ Ne8 {( -> ...Rh1+)} 33. gxh5 Rh1+ 34. Kg3 Qf1 $2 ({Better is} 34... Rg1+ $19 35. Kh4 Qd2) 35. Qd7 $11 {[%csl Gf3][%cal Rd7f7]} Rg1+ 36. Kf4 {Strongly threatening Ke3.} Qxc4+ 37. Ne4 Qc1+ $2 ({But not} 37... Qxd5 $2 38. Qxe8+ $1 {[%mdl 512]} Kxe8 39. Nf6+ Kf8 40. Nxd5 $18) (37... Qd4 $11 38. h6 Qh8) 38. Re3 $16 Qb2 {White must now prevent ...Qe5+.} 39. Qf5 $1 $40 {[%mdl 128] White attacks with force.} Ng7 $2 {[%mdl 8192]} (39... Kg7 $16 40. Rg3+ Rxg3 41. Kxg3 Qd4) 40. Qc8+ $18 Ne8 {Hoping for ...Qe5+.} 41. Kf3 $1 Qe5 42. Ng3 $1 Rxg3+ 43. fxg3 {[%mdl 4096] Endgame KQR-KQN} Qf6+ 44. Kg2 ({Not} 44. Ke2 Qb2+ 45. Kf3 Qf6+ 46. Ke2 Qb2+ 47. Kf3 Qf6+ $18) 44... Qb2+ 45. Kg1 Qa1+ 46. Kf2 Qf6+ {[#]} 47. Rf3 $1 {[%cal Rf3f6]} Qd4+ {[#]} 48. Kg2 $1 ({Less strong is} 48. Re3 Qf6+ 49. Rf3 Qb2+ 50. Kg1 Qc1+ 51. Kg2 Qd2+ 52. Rf2 Qxd5+ 53. Kh2 Qxh5 $18) 48... Qd2+ 49. Kg1 Qe1+ 50. Kg2 Qd2+ $1 51. Rf2 Qxd5+ 52. Kh2 Qxh5 53. h4 Ke7 $2 (53... Qe5 54. a3 a5) 54. Qf5 Qxf5 55. Rxf5 {KR-KN} Nf6 56. Kg2 Ke6 57. Rf1 d5 58. Kf3 d4 $2 (58... Ke5 {might work better.} 59. Rb1 a6) 59. g4 {White is clearly winning.} Nd5 60. h5 {[%cal Bh4h5,Bh5h6][%mdl 32]} d3 61. h6 Nf6 62. Rh1 Nh7 63. Ke3 {Precision: White = 62%, Black = 60%.} 1-0

[Event "36th Balaton IM 2018"]
[Site "Balatonlelle"]
[Date "2018.06.15"]
[Round "4"]
[White "Naumkin, Igor"]
[Black "Nagy, Bence"]
[Result "1/2-1/2"]
[WhiteElo "2383"]
[BlackElo "2354"]
[Annotator "TA"]
[PlyCount "24"]
[EventDate "2018.06.12"]
[EventType "swiss"]
[EventCountry "HUN"]
[SourceTitle "playchess.com"]
[Source "ChessBase"]
[SourceQuality "1"]

{[%evp 22,24,20,0,0]} 1. d4 Nf6 2. c4 g6 3. Nc3 d5 4. cxd5 Nxd5 5. e4 Nxc3 6. bxc3 Bg7 7. Bc4 O-O 8. Ne2 c5 9. O-O Nc6 10. Be3 Na5 11. Bd3 b6 12. e5 {LiveBook: 4 Partien. D87: Grünfeldindisch (Abtauschvariante, Botwinnik-Variante)} (12. Rc1 e5 13. dxc5 Be6 14. c4 bxc5 15. Bxc5 Bh6 16. Rc3 Re8 17. Qc2 Qc7 18. Ba3 Rab8 19. h3 Red8 20. Bc1 {1-0 (70) Aronian,L (2764)-Mamedyarov,S (2808) Stavanger 2018}) 12... cxd4 $146 ({Vorgänger:} 12... Bb7 13. Qd2 Rc8 14. Rad1 cxd4 15. cxd4 Nc4 16. Bxc4 Rxc4 17. Bh6 Qd7 18. Bxg7 Kxg7 {0-1 (60) Naumkin,I (2446)-Gutenev,A (2474) Cheliabinsk 2017}) 1/2-1/2